Statistics for Donald Pleasence Filmography

Click here to take the quiz!

General Stats

  • This quiz has been taken 2 times
  • The average score is 118 of 301

Answer Stats

TypeYearName% Correct
Film1981Escape from New York
100%
Film1978Halloween
100%
Film1995Halloween: The Curse of Michael Myers
100%
Film19561984
50%
TV Film19541984
50%
Film1984A Breed Apart
50%
Film1976A Dirty Knight's Work
50%
Film1957All at Sea
50%
TV Film1979All Quiet on the Western Front
50%
Film1982Alone in the Dark
50%
Film1989American Rickshaw
50%
Theater1951-1954Antony and Cleopatra
50%
TV Film1984Arch of Triumph
50%
TV Show1960, 1965Armchair Mystery Theatre
50%
TV Show1957-1967Armchair Theatre
50%
Film1969Arthur? Arthur!
50%
TV Show1957Assignment Foreign Legion
50%
Film1960A Story of David: The Hunted
50%
Film1958A Tale of Two Cities
50%
Film1974Barry McKenzie Holds His Own
50%
TV Film1987Basements
50%
TV Show1974, 1976BBC2 Playhouse
50%
TV Show1952-1959BBC Sunday-Night Theatre
50%
TV Film1979Better Late Than Never
50%
TV Film1985Black Arrow
50%
TV Film1980Blade on the Feather
50%
Film1989Buried Alive
50%
Theater1951-1952Caesar and Cleopatra
50%
Film1989Casablanca Express
50%
TV Mini-Series1978-1979Centennial
50%
Film1960Circus of Horrors
50%
Film1986Cobra Mission
50%
TV Show1973Columbo
50%
Film1968Creature of Comfort
50%
Film1966Cul-de-sac
50%
TV Show1960, 1961Danger Man
50%
Film1972Death Line
50%
Film1957Decision Against Time
50%
TV Show1981Dick Turpin
50%
Film1992Diên Biên Phú
50%
Film1987Django Strikes Again
50%
Film1987Double Target
50%
Film1979Dracula
50%
Film1963Dr. Crippen
50%
TV Film1973Dr. Jekyll and Mr. Hyde
50%
Film1975Escape to Witch Mountain
50%
TV Show1964Espionage
50%
Film1966Eye of the Devil
50%
Film1966Fantastic Voyage
50%
Film1996Fatal Frames
50%
Film1984Frankenstein's Great Aunt Tillie
50%
Film1974From Beyond the Grave
50%
Film1976Goldenrod
50%
Film1979Good Luck, Miss Wyckoff
50%
TV Film1958Granite
50%
Film1987Ground Zero
50%
TV Film1994Guinevere
50%
Film1988Halloween 4: The Return of Michael Myers
50%
Film1989Halloween 5: The Revenge of Michael Myers
50%
Film1981Halloween II
50%
Film1988Hanna's War
50%
TV Show1972Hawaii Five-O
50%
Film1958Heart of a Child
50%
Film1975Hearts of the West
50%
Film1960Hell Is a City
50%
Film1972Henry VIII and His Six Wives
50%
TV Mini-Series1986Hit Man
50%
Theater1950Hobson's Choice
50%
Film1974House of the Damned
50%
Film1972Innocent Bystanders
50%
TV Show1960Interpol Calling
50%
TV Film1958I Spy
50%
TV Show1956-1959ITV Television Playhouse
50%
Film1979Jaguar Lives!
50%
TV Mini-Series1977Jesus of Nazareth
50%
Film1975Journey Into Fear
50%
Film1971Kidnapped
50%
Film1959Killers of Kilimanjaro
50%
Theater1953King Lear
50%
Film1978Last In, First Out
50%
Film1988Last Platoon
50%
Film1978Les Liens de Sang
50%
Film1962Lisa
50%
Film1959Look Back in Anger
50%
TV Show1992Lovejoy
50%
Film1973Malachi's Cove
50%
TV Mini-Series1984Master of the Game
50%
Film1967Matchless
50%
Film1991Millions
50%
Theater1956Misalliance
50%
TV Film1989Miss Marple: A Caribbean Mystery
50%
TV Film1954Montserrat
50%
Film1968Mr. Freedom
50%
TV Show1979Mrs. Columbo
50%
Film1978Night Creature
50%
Film1961No Love for Johnnie
50%
Film1961No Place Like Homicide!
50%
Film1985Nothing Underneath
50%
TV Film1974Occupations
50%
Film1977Oh, God!
50%
TV Special1956One
50%
TV Show1961One Step Beyond
50%
Film1954Orders Are Orders
50%
TV Show1973Orson Welles' Great Mysteries
50%
Film1988Paganini Horror
50%
TV Show1976Peep Show
50%
Film1987Phantom of Death
50%
Film1985Phenomena
50%
TV Show1971, 1983Play for Today
50%
TV Show1972Police Surgeon
50%
Theater1963-1964Poor Bitos
50%
Film1978Power Play
50%
Film1987Prince of Darkness
50%
Theater1980Reflections
50%
TV Show1960Rendezvous
50%
Theater1957Restless Heart
50%
Theater1949Richard III
50%
Film1989River of Death
50%
Film1995Safe Haven
50%
Theater1951Saint's Day
50%
TV Show1981Saturday Night Live
50%
TV Film1987Scoop
50%
TV Show1993Screen Two
50%
Film1978Sgt. Pepper's Lonely Hearts Club Band
50%
TV Show1975Shades of Greene
50%
Film1991Shadows and Fog
50%
Film1975Sharon's Baby
50%
TV Show1995Signs and Wonders
50%
Film1970Soldier Blue
50%
Film1960Sons and Lovers
50%
Film1961Spare the Rod
50%
Film1987Specters
50%
Film1957Stowaway Girl
50%
Film1973Tales That Witness Madness
50%
Theater1970Tea Party
50%
Film1977Telefon
50%
Film1989Ten Little Indians
50%
Documentary1984Terror in the Aisles
50%
TV Show1958The Adventures of Robin Hood
50%
Film1993The Advocate
50%
Film1984The Ambassador
50%
TV Mini-Series1982The Barchester Chronicles
50%
Theater1970The Basement
50%
TV Show1978The Bastard
50%
Film1960The Battle of the Sexes
50%
Film1954The Beachcomber
50%
Film1960The Big Day
50%
TV Film1993The Big Freeze
50%
Film1956The Black Tent
50%
Film1974The Black Windmill
50%
Theater1960-1962, 1990-1991The Caretaker
50%
Film1988The Commander
50%
TV Film1985The Corsican Brothers
50%
TV Film1975The Count of Monte-Cristo
50%
TV Mini-Series1978The Dark Secret of Harvest Home
50%
TV Film1978The Defection of Simas Kudirka
50%
TV Show1965The Defenders
50%
Film1976The Devil's Men
50%
Film1983The Devonsville Terror
50%
TV Film1967The Diary of Anne Frank
50%
TV Film1952The Dybbuk
50%
Film1976The Eagle Has Landed
50%
TV Film1954The Face of Love
50%
Film1960The Flesh and the Fiends
50%
TV Show1960The Four Just Men
50%
Film1974The Freakmaker
50%
TV Mini-Series1979The French Atlantic Affair
50%
TV Show1966The Fugitive
50%
TV Film1980The Ghost Sonata
50%
Film1963The Great Escape
50%
TV Film1988The Great Escape II: The Untold Story
50%
Film1965The Greatest Story Ever Told
50%
TV Show1955The Grove Family
50%
Film1963The Guest
50%
Film1965The Hallelujah Trail
50%
Film1960The Hands of Orlac
50%
TV Film1961The Horsemasters
50%
Film1989The House of Usher
50%
Film1972The Jerusalem File
50%
TV Show1958The Killing Stones
50%
Theater1955The Lark
50%
Film1976The Last Tycoon
50%
Film1969The Madwoman of Chaillot
50%
TV Show1961The Magical World of Disney
50%
Film1958The Man Inside
50%
Theater1968-1969The Man in the Glass Booth
50%
TV Show1972The Man Outside
50%
Theater1952-1953The Merchant of Venice
50%
Film1981The Monster Club
50%
Film1967The Night of the Generals
50%
Film1968The Other People
50%
TV Show1963The Outer Limits
50%
Film1976The Passover Plot
50%
Film1972The Pied Piper
50%
Film1980The Pumaman
50%
Film1973The Rainbow Boys
50%
TV Show1988The Ray Bradbury Theater
50%
Film1960The Risk
50%
TV Show1971The Rivals of Sherlock Holmes
50%
TV Mini-Series1959The Scarf
50%
Film1960The Shakedown
50%
TV Short1973The Spirit of Dark and Lonely Water
50%
Theater1950-1951, 1953The Taming of the Shrew
50%
Film1993The Thief and the Cobbler
50%
TV Film1959The Traitor
50%
TV Show1962The Twilight Zone
50%
Film1958The Two-Headed Spy
50%
Film1977The Uncanny
50%
TV Show1966The Wednesday Play
50%
Film1958The Wind Cannot Read
50%
Film1961The Wind of Change
50%
TV Show1967, 1968Thirty-Minute Theatre
50%
Film1971THX 1138
50%
Film1984To Kill a Stranger
50%
Film1978Tomorrow Never Comes
50%
Film1985Treasure of the Amazon
50%
Film1981Treasure of the Yankee Zephyr
50%
Film1987Urban Animals
50%
Film1955Value for Money
50%
Film1988Vampire in Venice
50%
Theater1946Vicious Circle (Huis Clos)
50%
Film1971Wake in Fright
50%
Film1984Warrior of the Lost World
50%
Film1987Warrior Queen
50%
Film1974Watch Out, We're Mad
50%
Film1972Wedding in White
50%
Film1984Where Is Parsifal?
50%
TV Show1959William Tell
50%
Film1967Will Penny
50%
Theater1972Wise Child
50%
TV Film1982Witness for the Prosecution
50%
TV Film1991Women in Arms
50%
Film1967You Only Live Twice
50%
TV Film1960Alice Through the Looking Box
0%
TV Show1970Aquarius
0%
TV Show1979Arena
0%
Theater1950Augustus in Search of a Father
0%
TV Show1960BBC Sunday-Night Play
0%
Theater1948-1949Bears of Bay-rum
0%
Theater1950Blind Man's Bluff
0%
TV Film1967Call Me Daddy
0%
TV Film1981Computercide
0%
TV Show1970Confession
0%
TV Film1976Death of an Informer
0%
TV Show1968Dee Time
0%
Theater1949-1950Doctor's Delight
0%
TV Show1956Encounter
0%
TV Film1987Gila and Rik
0%
TV Film1979God of the Amazon Women
0%
Theater1994Heartbreak House
0%
TV Film1976Hindle Wakes
0%
TV Show1956H.M. Tennent Globe Theatre
0%
Commercial1979Holsten Pils
0%
TV Film1986Honor Thy Father
0%
TV Show1958Hotel Imperial
0%
Film1986Into the Darkness
0%
TV Show1956, 1958, 1960, 1966ITV Play of the Week
0%
Theater1948Jonathan Wild
0%
TV Mini-Series1991L'avvoltoio sa Attendere
0%
Film1979L'homme en colère
0%
TV Show1975London Bridge
0%
TV Show1965Love Story
0%
Theater1949Marvellous History of St. Bernard
0%
Theater1949Modern Everyman
0%
TV Film1990Moi, Général de Gaulle
0%
Theater1948Mourning Becomes Electra
0%
TV Show1969NBC Experiment in Television
0%
Documentary Series1972, 1994Omnibus
0%
TV Show1955On Camera
0%
TV Show1975Performance
0%
Theater1950-1951Puss in Boots
0%
TV Show1971, 1972Review
0%
Theater1950-1951Saint Joan
0%
Theater1950School
0%
TV Show1967Seven Deadly Virtues
0%
Theater1949Shadow and Substance
0%
TV Show1960Somerset Maugham Hour
0%
TV Show1968Tempo
0%
Theater1950-1951The Cocktail Party
0%
TV Film1954The Coiners
0%
Theater1948The Comedy of Errors
0%
TV Film1958The Desk Set
0%
Theater1949The Diary of a Scoundrel
0%
Theater1950The Doctor's Dilemma
0%
Theater1950-1951The Good-Natured Man
0%
TV Film1962The Hatchet Man
0%
Theater1950The Importance of Being Earnest
0%
Theater1950-1951The Lady's Not for Burning
0%
Theater1950-1951The Magistrate
0%
Theater1948The Merchant of Yonkers
0%
Theater1950-1951The Merry Wives of Windsor
0%
Theater1949The Proposal
0%
Theater1949The Romantic Young Lady
0%
TV Film1954The Runaway Slave
0%
Theater1950-1951The School for Scandal
0%
TV Show1969The Tonight Show Starring Johnny Carson
0%
Documentary Series1962This Is Your Life
0%
Theater1949Tomorrow's Child
0%
TV Film1976Ubu Roi
0%
Theater1942Young Woodley
0%
Documentary Series1970Zur Nacht
0%

Score Distribution

Percentile by Number Answered

Percent of People with Each Score

Your Score History

You have not taken this quiz